|
|
|
|
| LEADER |
00000caa a22000002c 4500 |
| 001 |
1912638681 |
| 003 |
DE-627 |
| 005 |
20250125055256.0 |
| 007 |
cr uuu---uuuuu |
| 008 |
241217s2003 xx |||||o 00| ||eng c |
| 024 |
7 |
|
|a 10.1023/A:1023504322396
|2 doi
|
| 035 |
|
|
|a (DE-627)1912638681
|
| 035 |
|
|
|a (DE-599)KXP1912638681
|
| 040 |
|
|
|a DE-627
|b ger
|c DE-627
|e rda
|
| 041 |
|
|
|a eng
|
| 084 |
|
|
|a 2,1
|2 ssgn
|
| 100 |
1 |
|
|a De Vos, Susan
|d 1953-
|e VerfasserIn
|0 (DE-588)171147626
|0 (DE-627)061318833
|0 (DE-576)131964828
|4 aut
|
| 109 |
|
|
|a De Vos, Susan 1953-
|a DeVos, Susan 1953-
|a Vos, Susan de 1953-
|a De Vos, Susan M. 1953-
|
| 245 |
1 |
2 |
|a A note on the living arrangements of elders 1970-2000, with special emphasis on Hispanic subgroup differentials
|
| 264 |
|
1 |
|c 2003
|
| 336 |
|
|
|a Text
|b txt
|2 rdacontent
|
| 337 |
|
|
|a Computermedien
|b c
|2 rdamedia
|
| 338 |
|
|
|a Online-Ressource
|b cr
|2 rdacarrier
|
| 700 |
1 |
|
|a Arias, Elizabeth
|e VerfasserIn
|0 (DE-588)17155177X
|0 (DE-627)061765139
|0 (DE-576)132337339
|4 aut
|
| 773 |
0 |
8 |
|i Enthalten in
|t Population research and policy review
|d Dordrecht [u.a.] : Springer Science + Business Media B.V, 1982
|g 22(2003), 1, Seite 91-101
|h Online-Ressource
|w (DE-627)320588777
|w (DE-600)2018638-1
|w (DE-576)105282952
|x 1573-7829
|7 nnas
|
| 773 |
1 |
8 |
|g volume:22
|g year:2003
|g number:1
|g pages:91-101
|
| 787 |
0 |
8 |
|i Forschungsdaten
|a United States. Bureau of the Census
|t Current Population Survey: Annual Demographic File, 1999
|d [Erscheinungsort nicht ermittelbar] : [Verlag nicht ermittelbar], 1999
|w (DE-627)190279172X
|
| 787 |
0 |
8 |
|i Forschungsdaten
|a United States. Bureau of the Census
|t Current Population Survey: Annual Demographic File, 1998
|d [Erscheinungsort nicht ermittelbar] : [Verlag nicht ermittelbar], 1998
|w (DE-627)1902791320
|
| 787 |
0 |
8 |
|i Forschungsdaten
|a United States. Bureau of the Census
|t Current Population Survey: Annual Demographic File, 1997
|d [Erscheinungsort nicht ermittelbar] : [Verlag nicht ermittelbar], 1997
|w (DE-627)1902790375
|
| 787 |
0 |
8 |
|i Forschungsdaten
|a United States. Bureau of the Census
|t Census of Population and Housing, 1970 (United States): Public Use Samples
|d [Erscheinungsort nicht ermittelbar] : [Verlag nicht ermittelbar], 1984
|w (DE-627)1902790189
|
| 787 |
0 |
8 |
|i Forschungsdaten
|a United States. Bureau of the Census
|t Current Population Survey: Annual Demographic File, 2000
|d [Erscheinungsort nicht ermittelbar] : [Verlag nicht ermittelbar], 2000
|w (DE-627)1902792157
|
| 856 |
4 |
0 |
|u https://doi.org/10.1023/A:1023504322396
|x Resolving-System
|z lizenzpflichtig
|3 Volltext
|7 1
|
| 935 |
|
|
|a mkri
|
| 951 |
|
|
|a AR
|
| ELC |
|
|
|a 1
|
| LOK |
|
|
|0 000 xxxxxcx a22 zn 4500
|
| LOK |
|
|
|0 001 4637604222
|
| LOK |
|
|
|0 003 DE-627
|
| LOK |
|
|
|0 004 1912638681
|
| LOK |
|
|
|0 005 20241217044749
|
| LOK |
|
|
|0 008 241217||||||||||||||||ger|||||||
|
| LOK |
|
|
|0 035
|a (DE-2619)ICPSR36355
|
| LOK |
|
|
|0 040
|a DE-2619
|c DE-627
|d DE-2619
|
| LOK |
|
|
|0 092
|o n
|
| LOK |
|
|
|0 852
|a DE-2619
|
| LOK |
|
|
|0 852 1
|9 00
|
| LOK |
|
|
|0 935
|a nacp
|
| LOK |
|
|
|0 939
|a 17-12-24
|b l01
|
| ORI |
|
|
|a SA-MARC-krimdoka001.raw
|